Statistics for Match the Footballer to the Country (Europe) - Map Quiz

Click here to take the quiz!

General Stats

  • This quiz has been taken 65 times
    (60 since last reset)
  • The average score is 25 of 47

Answers on the Map

Answers color-coded by a green-red scale on the quiz's map according to % correct below.
 

Answer Stats

Answer% Correct
Cristiano Ronaldo
93%
Harry Kane
83%
Didier Deschamps
80%
Kevin De Bruyne
80%
Gianluigi Buffon
78%
Luka Modrić
78%
Zlatan Ibrahimović
78%
Erling Haaland
75%
Iker Casillas
75%
Johan Cruyff
75%
Andriy Shevchenko
73%
Robbie Keane
73%
Robert Lewandowski
73%
Miroslav Klose
70%
Eiður Guðjohnsen
68%
Artem Dzyuba
65%
Ferenc Puskás
65%
Giorgos Karagounis
65%
Nicklas Bendtner
65%
Petr Čech
65%
Jari Litmanen
60%
Edin Džeko
58%
Gheorghe Hagi
58%
Jan Oblak
58%
Dimitar Berbatov
55%
Marek Hamšík
55%
Marko Arnautović
55%
Rüştü Reçber
55%
Alexander Hleb
50%
Branislav Ivanović
48%
Stevan Jovetić
48%
Alexander Frei
45%
Elseid Hysaj
45%
Goran Pandev
38%
Matteo Vitaioli
35%
Māris Verpakovskis
33%
Vedat Muriqi
30%
Alexandru Epureanu
28%
Ildefons Lima
28%
Saulius Mikoliūnas
28%
Ioannis Okkas
23%
Levan Kobiashvili
23%
Henrikh Mkhitaryan
18%
Michael Mifsud
15%
Peter Jehle
15%
Martin Reim
13%
Mario Mutsch
10%

Score Distribution

Percentile by Number Answered

Percent of People with Each Score

Your Score History

You have not taken this quiz since the last reset